Finales de Copa Conmebol-Mercosur/Merconorte-Sudamericana - Estadísticas

Estadísticas generales
  • Esta prueba ha sido intentada 153 veces
    19 desde el último reinicio
  • La puntuación promedio es 89 de 160
Estadísticas de respuestas
Respuesta % Correcto
Boca Juniors
94%
River Plate
94%
Atlético Mineiro
89%
Flamengo
89%
Independiente
89%
Internacional
83%
Lanús
83%
Santiago
83%
São Paulo
83%
Atlético Nacional
78%
Botafogo
78%
Chapecoense
78%
Colo-Colo
78%
Cruzeiro
78%
Liga de Quito
78%
Peñarol
78%
Santos
78%
Universidad de Chile
78%
Buenos Aires
72%
Fluminense
72%
Olimpia
72%
Río de Janeiro
72%
Rosario
72%
San Lorenzo
72%
América
67%
Bogotá
67%
Independiente del Valle
67%
Montevideo
67%
Rosario Central
67%
Cienciano
61%
Independiente Santa Fe
61%
Palmeiras
61%
Racing Club
61%
Talleres
61%
Arsenal
56%
Asunción
56%
Athletico Paranaense
56%
Cali
56%
Córdoba
56%
Defensa y Justicia
56%
Estudiantes
56%
Huracán
56%
La Bombonera
56%
Maracaná
56%
Millonarios
56%
Avellaneda
50%
Bolívar
50%
Fortaleza
50%
Junior
50%
Medellín
50%
Colón de Santa Fe
44%
Emelec
44%
Guayaquil
44%
Porto Alegre
44%
Tigre
44%
América de Cali
39%
Belo Horizonte
39%
Goiás
39%
Libertadores de América
39%
Morumbi
39%
Pachuca
39%
RB Bragantino
39%
Vasco da Gama
39%
Centenario
33%
Curitiba
33%
Deportivo Cali
33%
Mario Alberto Kempes
33%
Pumas UNAM
33%
Ciudad de Lanús
28%
Defensores del Chaco
28%
El Campín
28%
El Cilindro
28%
Nuevo Gasómetro
28%
Ponte Preta
28%
Arequipa
22%
Beira-Rio
22%
Gigante de Arroyito
22%
La Nueva Olla
22%
Nacional
22%
Atanasio Girardot
17%
Maldonado
17%
Mineirão
17%
Monumental
17%
Palestra Itália
17%
Sportivo Alagoano
17%
Olímpico Pascual Guerrero
11%
Arena da Baixada
6%
Couto Pereira
6%
Domingo Burgueño Miguel
6%
George Capwell
6%
Manuel Ferreira
6%
Monumental de la UNSA
6%
Olímpico de Córdoba
6%
No se encontraron pruebas coincidentes
Distribución de puntuación
Porcentaje de gente con cada puntuación
Porcentaje por número respondido
Historial de tus puntuaciones
No has intentado esta prueba desde el último reinicio